000 00857nam a2200289 i 4500
001 000007260
003 DO-SdBNP
005 20241218091315.0
007 ta
008 181224s2007 dr 000 0 spa d
040 _aDO-SdBNP
_bspa
_cBNPHU
_erda
041 _hspa
082 _a863.44
_bV422f
_222
100 1 _aVega, Máximo
_eautor
_96622
245 1 0 _aEl final del sueño /
_cMáximo Vega
264 _aSanto Dongo :
_bUniversidad Central del Este,
_bEditora De Colores,
_c2007
300 _a80 páginas ;
_c21 cm.
336 _ardacontent
_btexto
_2txt
337 _ardamedia
_bsin mediación
_2n
338 _ardacarrier
_bvolumen
_2nc
586 _aPremio Nacional de Cuentos-UCE, 2005
590 _aInventariado, 2024/DG
650 4 _aCuentos dominicanos
_934660
650 4 _aLiteratura domicana
_986872
910 _aDG
942 _2ddc
_cLBS1
999 _c57968
_d57968